[Event "Torneo de Benidorm sub 2300 2019"]
[Site "Benidorm ESP"]
[Date "2019.12.04"]
[Round "7.1"]
[White "Cano Gimenez, Vicente"]
[Black "Levay, Sorin"]
[Result "1-0"]
[WhiteElo "2256"]
[BlackElo "2170"]
[PlyCount "111"]
[EventDate "2019.11.29"]
[EventType "swiss"]
[EventRounds "10"]
[EventCountry "ESP"]
[SourceTitle "Ajedrez en Madrid"]
[Source "lmi"]
[SourceDate "2019.11.30"]
[SourceVersion "1"]
[SourceVersionDate "2019.12.08"]
[SourceQuality "1"]

1. Nf3 g6 2. g3 Bg7 3. d4 d6 4. Bg2 Nd7 5. c4 e5 6. Nc3 Ne7 7. h4 h6 8. e4 a6
9. dxe5 Nxe5 10. Nxe5 dxe5 11. Qxd8+ Kxd8 12. Be3 Be6 13. O-O-O+ Kc8 14. Nd5
Nc6 15. Bh3 Re8 16. b3 a5 17. a4 Ra6 18. Kc2 Nb8 19. Rd2 Bxh3 20. Rxh3 h5 21.
Rh1 Rae6 22. Rhd1 Nc6 23. Rd3 Nd4+ 24. Bxd4 exd4 25. f3 c6 26. Nf4 Rd6 27. c5
Rd7 28. R3d2 Bf8 29. Rxd4 Rxd4 30. Rxd4 Bxc5 31. Rd2 Be3 32. Re2 Bxf4 33. gxf4
Kd7 34. Rg2 Kd6 35. Rg5 b6 36. Kd3 Rd8 37. f5 Ke7+ 38. Kc3 Rd6 39. e5 Rd1 40.
fxg6 fxg6 41. Rxg6 Rf1 42. Rf6 Rh1 43. f4 Rh3+ 44. Kd4 Kd7 45. Rd6+ Kc7 46. Rh6
Rxh4 47. Rh7+ Kd8 48. Ke4 Rh3 49. e6 Rxb3 50. f5 Rb1 51. Ke5 Rd1 52. Rh8+ Kc7
53. e7 Re1+ 54. Kf6 b5 55. e8=Q Rxe8 56. Rxe8 1-0

[Event "Torneo de Benidorm sub 2300 2019"]
[Site "Benidorm ESP"]
[Date "2019.12.04"]
[Round "7.2"]
[White "Garcia Trobat, Francisco"]
[Black "Galiana Fernandez, Adrian"]
[Result "1-0"]
[WhiteElo "2244"]
[BlackElo "2259"]
[PlyCount "129"]
[EventDate "2019.11.29"]
[EventType "swiss"]
[EventRounds "10"]
[EventCountry "ESP"]
[SourceTitle "Ajedrez en Madrid"]
[Source "lmi"]
[SourceDate "2019.11.30"]
[SourceVersion "1"]
[SourceVersionDate "2019.12.08"]
[SourceQuality "1"]

1. d4 Nf6 2. c4 g6 3. Nc3 d5 4. cxd5 Nxd5 5. e4 Nxc3 6. bxc3 Bg7 7. Bb5+ c6 8.
Ba4 b5 9. Bb3 Bb7 10. Qf3 e6 11. Ne2 c5 12. Be3 Nd7 13. Rd1 Qe7 14. h4 h6 15.
h5 g5 16. dxc5 Nxc5 17. Bc2 f5 18. Bxc5 Qxc5 19. Qd3 O-O 20. exf5 exf5 21. O-O
Rac8 22. Nd4 Kh8 23. Qxb5 Qxb5 24. Nxb5 Ba6 25. Rd5 Rcd8 26. Rfd1 Rxd5 27. Rxd5
f4 28. Nxa7 g4 29. Rd6 Be2 30. Nc6 g3 31. Ne7 Bxh5 32. Nf5 Re8 33. fxg3 Re1+
34. Kh2 f3 35. Rd8+ Be8 36. gxf3 Bf6 37. Rc8 Re2+ 38. Kh3 Rxc2 39. Rxe8+ Kh7
40. Re6 Kg6 41. Nxh6 Kxh6 42. Rxf6+ Kg5 43. Rc6 Rxa2 44. Rc5+ Kf6 45. f4 Ra3
46. Kg4 Ke6 47. Re5+ Kf6 48. c4 Rc3 49. c5 Rc4 50. Rd5 Rc3 51. Rh5 Kg7 52. Rd5
Kf6 53. Rh5 Kg7 54. Rg5+ Kf7 55. Kh5 Rc2 56. Kh6 Rh2+ 57. Rh5 Rg2 58. Rf5+ Kg8
59. g4 Rxg4 60. c6 Rg1 61. Rg5+ Kh8 62. Rc5 Rh1+ 63. Kg6 Rg1+ 64. Kf6 Rg7 65.
c7 1-0

[Event "Torneo de Benidorm sub 2300 2019"]
[Site "Benidorm ESP"]
[Date "2019.12.04"]
[Round "7.3"]
[White "Gavarrete, Nahun"]
[Black "Doroshenko, Diana"]
[Result "1-0"]
[WhiteElo "2300"]
[BlackElo "2159"]
[PlyCount "65"]
[EventDate "2019.11.29"]
[EventType "swiss"]
[EventRounds "10"]
[EventCountry "ESP"]
[SourceTitle "Ajedrez en Madrid"]
[Source "lmi"]
[SourceDate "2019.11.30"]
[SourceVersion "1"]
[SourceVersionDate "2019.12.08"]
[SourceQuality "1"]

1. d4 Nf6 2. c4 g6 3. Nc3 Bg7 4. e4 d6 5. Nf3 O-O 6. Be2 e5 7. O-O Nc6 8. d5
Ne7 9. b4 Nh5 10. Re1 a5 11. bxa5 Rxa5 12. a4 Bd7 13. Bd2 Nf4 14. Bf1 f5 15. g3
Nh5 16. exf5 Bxf5 17. Ng5 Nf6 18. Qb3 Qc8 19. Nb5 Ra8 20. c5 Ne8 21. Rac1 Qd8
22. Nxc7 Qxc7 23. cxd6 Qxd6 24. Bb4 Qb6 25. d6+ Kh8 26. dxe7 Rf6 27. a5 Be6 28.
Nxe6 Qxe6 29. Qxe6 Rxe6 30. Bc4 Rc6 31. Bd5 Rxc1 32. Rxc1 Rb8 33. Be6 1-0

[Event "Torneo de Benidorm sub 2300 2019"]
[Site "Benidorm ESP"]
[Date "2019.12.04"]
[Round "7.4"]
[White "Zohaib Hassan, Mohamed"]
[Black "Jackson, Oliver A"]
[Result "1-0"]
[WhiteElo "2282"]
[BlackElo "2150"]
[PlyCount "91"]
[EventDate "2019.11.29"]
[EventType "swiss"]
[EventRounds "10"]
[EventCountry "ESP"]
[SourceTitle "Ajedrez en Madrid"]
[Source "lmi"]
[SourceDate "2019.11.30"]
[SourceVersion "1"]
[SourceVersionDate "2019.12.08"]
[SourceQuality "1"]

1. d4 Nf6 2. c4 c5 3. Nf3 cxd4 4. Nxd4 e5 5. Nb5 d5 6. cxd5 Bc5 7. e3 O-O 8.
N5c3 Qe7 9. Be2 Nbd7 10. e4 Bd4 11. O-O Nc5 12. Qc2 Bd7 13. Bg5 Rac8 14. a4 a6
15. a5 Rc7 16. Nd2 h6 17. Nc4 Rcc8 18. d6 Qe6 19. Bxf6 Bxc3 20. Be7 Bd4 21.
Bxf8 Kxf8 22. Ra3 Bc6 23. Nb6 Bxe4 24. Qd1 Rd8 25. b4 Nd7 26. Bf3 Nf6 27. Bxe4
Nxe4 28. Qc2 Nxd6 29. Qc7 Ke8 30. Rd3 Nb5 31. Qc2 Bxb6 32. axb6 Rxd3 33. Qxd3
Qxb6 34. Qd5 Nd4 35. Qxe5+ Ne6 36. Rb1 Qc6 37. h3 Ke7 38. Re1 Qd6 39. Qe4 Qb6
40. g3 Qb5 41. Rc1 Qb6 42. h4 h5 43. Rc8 g6 44. Rb8 Qd6 45. Rxb7+ Kf6 46. Qf3+
1-0

[Event "Torneo de Benidorm sub 2300 2019"]
[Site "Benidorm ESP"]
[Date "2019.12.04"]
[Round "7.5"]
[White "Lacrosse, Marc"]
[Black "Scherer, Helmut"]
[Result "0-1"]
[WhiteElo "2162"]
[BlackElo "2278"]
[PlyCount "72"]
[EventDate "2019.11.29"]
[EventType "swiss"]
[EventRounds "10"]
[EventCountry "ESP"]
[SourceTitle "Ajedrez en Madrid"]
[Source "lmi"]
[SourceDate "2019.11.30"]
[SourceVersion "1"]
[SourceVersionDate "2019.12.08"]
[SourceQuality "1"]

1. d4 Nf6 2. c4 e6 3. Nf3 d5 4. Nc3 Be7 5. Bg5 c6 6. e3 O-O 7. Qc2 Nbd7 8. cxd5
exd5 9. Bd3 Re8 10. O-O Nf8 11. Rab1 Ne4 12. Bxe7 Qxe7 13. Bxe4 dxe4 14. Nd2 f5
15. Rfc1 Be6 16. b4 Rac8 17. Ne2 Nd7 18. Qa4 a6 19. Qc2 g5 20. a4 Nf6 21. Nc4
Nd5 22. Qd2 Rf8 23. g3 f4 24. exf4 gxf4 25. gxf4 Bg4 26. Ne3 Bf3 27. Nxd5 cxd5
28. Ng3 Qh4 29. Qe1 Rcd8 30. Rc7 Rd6 31. Qf1 Rg6 32. Rb3 Qxf4 33. Rbc3 h5 34.
Qh3 Qd2 35. Rc1 e3 36. Qf1 h4 0-1

[Event "Torneo de Benidorm sub 2300 2019"]
[Site "Benidorm ESP"]
[Date "2019.12.04"]
[Round "7.6"]
[White "Chernikov, Vladimir"]
[Black "Hristodorescu, Daniel"]
[Result "0-1"]
[WhiteElo "2272"]
[BlackElo "2131"]
[PlyCount "72"]
[EventDate "2019.11.29"]
[EventType "swiss"]
[EventRounds "10"]
[EventCountry "ESP"]
[SourceTitle "Ajedrez en Madrid"]
[Source "lmi"]
[SourceDate "2019.11.30"]
[SourceVersion "1"]
[SourceVersionDate "2019.12.08"]
[SourceQuality "1"]

1. c4 e5 2. Nc3 Nf6 3. Nf3 Nc6 4. d4 exd4 5. Nxd4 Bb4 6. Bg5 h6 7. Bh4 O-O 8.
f4 d5 9. Nxc6 bxc6 10. a3 Bxc3+ 11. bxc3 g5 12. fxg5 Ne4 13. e3 hxg5 14. Bg3
Qe7 15. Qd4 Re8 16. Bd3 c5 17. Qxd5 Nxg3 18. hxg3 Qxe3+ 19. Kf1 Bg4 20. Rh7 Be6
21. Qf3 Qxf3+ 22. gxf3 Rad8 23. Bc2 Bxc4+ 24. Kg1 Rd2 25. Ba4 Ree2 26. Rh5 Rg2+
27. Kh1 Rxg3 28. Rg1 Rxg1+ 29. Kxg1 f6 30. f4 Bf7 31. Rh6 Rd6 32. Kf2 Kg7 33.
fxg5 fxg5 34. Rxd6 cxd6 35. Kf3 Kf6 36. Ke4 d5+ 0-1

[Event "Torneo de Benidorm sub 2300 2019"]
[Site "Benidorm ESP"]
[Date "2019.12.04"]
[Round "7.7"]
[White "Garcia Molina, Francisco Miguel"]
[Black "Torres Sanchez, Jose"]
[Result "1/2-1/2"]
[WhiteElo "2219"]
[BlackElo "2238"]
[PlyCount "58"]
[EventDate "2019.11.29"]
[EventType "swiss"]
[EventRounds "10"]
[EventCountry "ESP"]
[SourceTitle "Ajedrez en Madrid"]
[Source "lmi"]
[SourceDate "2019.11.30"]
[SourceVersion "1"]
[SourceVersionDate "2019.12.08"]
[SourceQuality "1"]

1. e4 c5 2. Nf3 e6 3. d4 cxd4 4. Nxd4 Nc6 5. Nc3 Qc7 6. Be2 Nf6 7. O-O a6 8.
Be3 Bb4 9. Na4 O-O 10. Nxc6 bxc6 11. Nb6 Rb8 12. Nxc8 Rfxc8 13. Bxa6 Re8 14.
Bd3 Bd6 15. h3 Be5 16. c3 Rxb2 17. Qc1 Qb8 18. f4 Bc7 19. Rb1 Rxb1 20. Qxb1 e5
21. fxe5 Bxe5 22. Qxb8 Bxb8 23. Rb1 Be5 24. Bd4 g6 25. Rb7 Kf8 26. a4 Nxe4 27.
Bxe4 Bxd4+ 28. cxd4 Rxe4 29. Rxd7 Re2 1/2-1/2

[Event "Torneo de Benidorm sub 2300 2019"]
[Site "Benidorm ESP"]
[Date "2019.12.04"]
[Round "7.8"]
[White "Amdouni, Zoubaier"]
[Black "Gonzalez Martinez, Miguel Angel"]
[Result "1/2-1/2"]
[WhiteElo "2289"]
[BlackElo "2094"]
[PlyCount "50"]
[EventDate "2019.11.29"]
[EventType "swiss"]
[EventRounds "10"]
[EventCountry "ESP"]
[SourceTitle "Ajedrez en Madrid"]
[Source "lmi"]
[SourceDate "2019.11.30"]
[SourceVersion "1"]
[SourceVersionDate "2019.12.08"]
[SourceQuality "1"]

1. e4 e5 2. Bc4 Nf6 3. d3 c6 4. Nf3 d5 5. Bb3 Bd6 6. Nc3 dxe4 7. dxe4 Qe7 8.
O-O Bg4 9. h3 Bh5 10. Qd3 Na6 11. Nh4 Nc5 12. Qe3 Bg6 13. Qf3 a5 14. Be3 Nfd7
15. Nxg6 hxg6 16. Rfd1 O-O 17. Bc4 b5 18. Bf1 Ne6 19. a4 b4 20. Ne2 Bc5 21. Rd2
Bxe3 22. Qxe3 Ndc5 23. b3 Rad8 24. Rad1 Rxd2 25. Rxd2 Rd8 1/2-1/2

[Event "Torneo de Benidorm sub 2300 2019"]
[Site "Benidorm ESP"]
[Date "2019.12.04"]
[Round "7.9"]
[White "Boixader Arbo, Xavier"]
[Black "Lornye, Pylyp"]
[Result "1/2-1/2"]
[WhiteElo "2113"]
[BlackElo "2284"]
[PlyCount "42"]
[EventDate "2019.11.29"]
[EventType "swiss"]
[EventRounds "10"]
[EventCountry "ESP"]
[SourceTitle "Ajedrez en Madrid"]
[Source "lmi"]
[SourceDate "2019.11.30"]
[SourceVersion "1"]
[SourceVersionDate "2019.12.08"]
[SourceQuality "1"]

1. e4 c5 2. Nf3 Nc6 3. Bb5 g6 4. O-O Bg7 5. Re1 Nh6 6. c3 O-O 7. d4 cxd4 8.
Nxd4 Nxd4 9. cxd4 d5 10. exd5 Nf5 11. Nc3 Nxd4 12. Bg5 Nxb5 13. Nxb5 Qb6 14. a4
a6 15. Be3 Qa5 16. Bd2 Qd8 17. Nc3 e6 18. Bf4 Bd7 19. Qd2 exd5 20. Bg5 f6 21.
Qxd5+ Kh8 1/2-1/2

[Event "Torneo de Benidorm sub 2300 2019"]
[Site "Benidorm ESP"]
[Date "2019.12.04"]
[Round "7.10"]
[White "Santos, Jeovani Amaro Dias"]
[Black "Ayza Leon, David"]
[Result "0-1"]
[WhiteElo "2098"]
[BlackElo "2231"]
[PlyCount "98"]
[EventDate "2019.11.29"]
[EventType "swiss"]
[EventRounds "10"]
[EventCountry "ESP"]
[SourceTitle "Ajedrez en Madrid"]
[Source "lmi"]
[SourceDate "2019.11.30"]
[SourceVersion "1"]
[SourceVersionDate "2019.12.08"]
[SourceQuality "1"]

1. d4 Nf6 2. c4 c5 3. d5 b5 4. cxb5 a6 5. bxa6 g6 6. Nc3 Bg7 7. g3 O-O 8. Bg2
d6 9. Nf3 Nbd7 10. O-O Bxa6 11. Rb1 Qa5 12. Qc2 Nb6 13. Rd1 Nfd7 14. Bd2 Nc4
15. Be1 Rfb8 16. Bh3 Bc8 17. Qc1 Qa6 18. Bf1 Ndb6 19. Qg5 Bf6 20. Qh6 Bg7 21.
Qf4 Qb7 22. Ng5 Ne5 23. b3 Bf5 24. e4 Bg4 25. f3 h6 26. fxg4 hxg5 27. Qe3 Nxg4
28. Qxg5 Bd4+ 29. Rxd4 cxd4 30. Qxg4 dxc3 31. Bxc3 Nd7 32. Rb2 Qa7+ 33. Rf2 Ne5
34. Qf4 Rf8 35. Bxe5 dxe5 36. Qxe5 Qe3 37. Kg2 Ra7 38. Bc4 Rd7 39. a4 Qc5 40.
Qf4 Rd6 41. e5 Rb6 42. e6 Kg7 43. g4 f6 44. Rf3 g5 45. Qf5 Rh8 46. Bd3 Rh6 47.
Rh3 Rxb3 48. Rxh6 Rb2+ 49. Kh3 Qe3+ 0-1

[Event "Torneo de Benidorm sub 2300 2019"]
[Site "Benidorm ESP"]
[Date "2019.12.04"]
[Round "7.11"]
[White "Jordan Martinez, David"]
[Black "Gonzalez Guedes, Iyan"]
[Result "0-1"]
[WhiteElo "2203"]
[BlackElo "2146"]
[PlyCount "56"]
[EventDate "2019.11.29"]
[EventType "swiss"]
[EventRounds "10"]
[EventCountry "ESP"]
[SourceTitle "Ajedrez en Madrid"]
[Source "lmi"]
[SourceDate "2019.11.30"]
[SourceVersion "1"]
[SourceVersionDate "2019.12.08"]
[SourceQuality "1"]

1. e4 c5 2. g3 g6 3. Bg2 Bg7 4. Ne2 Nc6 5. c3 e5 6. d3 Nge7 7. Be3 d6 8. O-O
O-O 9. f4 f5 10. Nd2 Rb8 11. Nf3 b6 12. a3 h6 13. c4 Kh7 14. Rb1 Be6 15. b3 Qd7
16. Qd2 a5 17. Kh1 Nd4 18. Nexd4 cxd4 19. Bf2 fxe4 20. dxe4 a4 21. Rfc1 axb3
22. Rxb3 Nc6 23. Bf1 Na5 24. Rb4 Qc6 25. Bd3 Nb7 26. Qe2 Nc5 27. Nd2 Bg4 28.
Qf1 exf4 0-1

[Event "Torneo de Benidorm sub 2300 2019"]
[Site "Benidorm ESP"]
[Date "2019.12.04"]
[Round "7.12"]
[White "Martin Barcelo, Carles"]
[Black "Gomez Sanjuan, Hector Fernando"]
[Result "1/2-1/2"]
[WhiteElo "2196"]
[BlackElo "2145"]
[PlyCount "46"]
[EventDate "2019.11.29"]
[EventType "swiss"]
[EventRounds "10"]
[EventCountry "ESP"]
[SourceTitle "Ajedrez en Madrid"]
[Source "lmi"]
[SourceDate "2019.11.30"]
[SourceVersion "1"]
[SourceVersionDate "2019.12.08"]
[SourceQuality "1"]

1. e4 e6 2. d4 d5 3. Bd3 dxe4 4. Bxe4 Nf6 5. Bf3 c5 6. Ne2 Nc6 7. Be3 cxd4 8.
Nxd4 Ne5 9. Nc3 a6 10. Qe2 Nxf3+ 11. Qxf3 e5 12. Nb3 Bb4 13. Bc5 Bxc5 14. Nxc5
O-O 15. O-O Qb6 16. Nb3 Re8 17. Nd5 Nxd5 18. Qxd5 Qg6 19. c3 e4 20. Kh1 Rb8 21.
Rad1 Bg4 22. Rd2 Qf6 23. Qd6 Qxd6 1/2-1/2

[Event "Torneo de Benidorm sub 2300 2019"]
[Site "Benidorm ESP"]
[Date "2019.12.04"]
[Round "7.13"]
[White "Peña Duarte, Fabian Dario"]
[Black "Ribera Veganzones, Josep Maria"]
[Result "1-0"]
[WhiteElo "2237"]
[BlackElo "2008"]
[PlyCount "55"]
[EventDate "2019.11.29"]
[EventType "swiss"]
[EventRounds "10"]
[EventCountry "ESP"]
[SourceTitle "Ajedrez en Madrid"]
[Source "lmi"]
[SourceDate "2019.11.30"]
[SourceVersion "1"]
[SourceVersionDate "2019.12.08"]
[SourceQuality "1"]

1. d4 f5 2. Nc3 Nf6 3. e4 fxe4 4. Bg5 g6 5. f3 d5 6. fxe4 Nxe4 7. Nxe4 dxe4 8.
Bc4 Bg7 9. Ne2 Nc6 10. O-O Bf5 11. g4 Na5 12. gxf5 Nxc4 13. c3 Qd7 14. Qb3 Nd6
15. Nf4 gxf5 16. Ne6 Bf6 17. Bf4 Rc8 18. Bxd6 cxd6 19. d5 Kf7 20. Rxf5 Rhg8+
21. Kh1 h6 22. Qd1 Kg6 23. Qh5+ Kh7 24. Qf7+ Rg7 25. Nxg7 Bxg7 26. Rg1 Rg8 27.
Rg6 Qe8 28. Rxh6+ 1-0

[Event "Torneo de Benidorm sub 2300 2019"]
[Site "Benidorm ESP"]
[Date "2019.12.04"]
[Round "7.14"]
[White "Nadal Fajardo, Ricard"]
[Black "Deruelle Sala, Albert"]
[Result "1/2-1/2"]
[WhiteElo "2205"]
[BlackElo "2058"]
[PlyCount "92"]
[EventDate "2019.11.29"]
[EventType "swiss"]
[EventRounds "10"]
[EventCountry "ESP"]
[SourceTitle "Ajedrez en Madrid"]
[Source "lmi"]
[SourceDate "2019.11.30"]
[SourceVersion "1"]
[SourceVersionDate "2019.12.08"]
[SourceQuality "1"]

1. Nf3 f5 2. b3 d6 3. d4 Nf6 4. Bb2 g6 5. c4 Bg7 6. g3 O-O 7. Bg2 Qe8 8. O-O e5
9. dxe5 Ng4 10. h3 Nxe5 11. Nc3 Nbc6 12. Qd2 f4 13. Nd5 Nxf3+ 14. exf3 Bxb2 15.
Qxb2 Qf7 16. Rfe1 g5 17. b4 Bf5 18. g4 Bg6 19. Bf1 h6 20. Rad1 Ne5 21. Rxe5
dxe5 22. Qxe5 Rae8 23. Qxc7 Qxc7 24. Nxc7 Rd8 25. Re1 Rd2 26. c5 Bf7 27. a3
Rfd8 28. Nb5 Rd1 29. Rxd1 Rxd1 30. Nd6 Bd5 31. Kg2 Kg7 32. Bc4 Bxc4 33. Nxc4
Ra1 34. Nd6 Rxa3 35. b5 Kf8 36. Nxb7 Ke7 37. Nd6 Ke6 38. Nf5 Rc3 39. b6 axb6
40. cxb6 Rc1 41. Nxh6 Rb1 42. h4 gxh4 43. Nf5 Kf6 44. Nxh4 Rxb6 45. Nf5 Rb1 46.
Nd6 Ke5 1/2-1/2

[Event "Torneo de Benidorm sub 2300 2019"]
[Site "Benidorm ESP"]
[Date "2019.12.04"]
[Round "7.15"]
[White "Galvan, Jesus"]
[Black "Atienza Alvarez, Javier"]
[Result "1/2-1/2"]
[WhiteElo "2198"]
[BlackElo "2026"]
[PlyCount "23"]
[EventDate "2019.11.29"]
[EventType "swiss"]
[EventRounds "10"]
[EventCountry "ESP"]
[SourceTitle "Ajedrez en Madrid"]
[Source "lmi"]
[SourceDate "2019.11.30"]
[SourceVersion "1"]
[SourceVersionDate "2019.12.08"]
[SourceQuality "1"]

1. d4 d5 2. c4 e6 3. Nc3 c5 4. cxd5 exd5 5. Nf3 Nc6 6. g3 Nf6 7. Bg2 Be7 8. O-O
O-O 9. Bg5 c4 10. Ne5 Be6 11. Nxc4 dxc4 12. Bxf6 1/2-1/2

[Event "Torneo de Benidorm sub 2300 2019"]
[Site "Benidorm ESP"]
[Date "2019.12.04"]
[Round "7.16"]
[White "Van Foreest, Machteld"]
[Black "Aledo Yanguas, Javier"]
[Result "0-1"]
[WhiteElo "2180"]
[BlackElo "2023"]
[PlyCount "76"]
[EventDate "2019.11.29"]
[EventType "swiss"]
[EventRounds "10"]
[EventCountry "ESP"]
[SourceTitle "Ajedrez en Madrid"]
[Source "lmi"]
[SourceDate "2019.11.30"]
[SourceVersion "1"]
[SourceVersionDate "2019.12.08"]
[SourceQuality "1"]

1. e4 c6 2. d4 d5 3. e5 c5 4. dxc5 Nc6 5. a3 Nxe5 6. b4 e6 7. Bb2 Ng6 8. Nf3
Nf6 9. c4 Be7 10. cxd5 exd5 11. Bb5+ Bd7 12. Bxd7+ Qxd7 13. O-O O-O 14. Nc3
Rfd8 15. Re1 Ne8 16. Qd2 Bf6 17. Rad1 Nc7 18. Ne2 Bxb2 19. Qxb2 a5 20. Ned4
axb4 21. axb4 Re8 22. b5 f6 23. c6 bxc6 24. Nxc6 Rxe1+ 25. Rxe1 Nf4 26. Qb3 Qg4
27. g3 Nxb5 28. Ne7+ Kh8 29. Nxd5 Nxd5 30. Qxd5 Rg8 31. Nh4 Qg5 32. Qd7 Nc3 33.
Nf5 Qh5 34. Ne7 Rf8 35. Nf5 Rg8 36. Qd3 Na4 37. Qb5 Nc3 38. Nd6 Nxb5 0-1

[Event "Torneo de Benidorm sub 2300 2019"]
[Site "Benidorm ESP"]
[Date "2019.12.04"]
[Round "7.17"]
[White "Lung, Liviu-Catalin"]
[Black "Cantero Navarro, Antonio"]
[Result "1/2-1/2"]
[WhiteElo "2015"]
[BlackElo "2171"]
[PlyCount "121"]
[EventDate "2019.11.29"]
[EventType "swiss"]
[EventRounds "10"]
[EventCountry "ESP"]
[SourceTitle "Ajedrez en Madrid"]
[Source "lmi"]
[SourceDate "2019.11.30"]
[SourceVersion "1"]
[SourceVersionDate "2019.12.08"]
[SourceQuality "1"]

1. e4 c5 2. Nf3 Nc6 3. d4 cxd4 4. Nxd4 g6 5. Nc3 Bg7 6. Nde2 d6 7. g3 h5 8. h3
Nf6 9. Bg2 Bd7 10. Be3 b5 11. O-O Qc8 12. Nf4 Ne5 13. Ncd5 Nxd5 14. exd5 Bf5
15. Rc1 O-O 16. Kh2 Qa6 17. Bd4 Qxa2 18. Ne2 Qa6 19. f4 Nc4 20. Bxg7 Kxg7 21.
b3 Nb6 22. Nd4 Bd7 23. Qe2 Rae8 24. f5 Nc8 25. fxg6 fxg6 26. Ne6+ Bxe6 27. Qxe6
Qa5 28. Qe3 Qb4 29. c4 bxc4 30. Rxc4 Qb7 31. Qc3+ Kg8 32. Qd3 Kg7 33. Qd4+ Kg8
34. Qe4 Kg7 35. Qd4+ Kg8 36. Qd3 Kg7 37. Rcf4 Rf6 38. Qc3 Ref8 39. g4 hxg4 40.
hxg4 g5 41. Rf5 Rh8+ 42. Kg3 Rhh6 43. Rxg5+ Kf7 44. Rgf5 Rxf5 45. Rxf5+ Rf6 46.
Rh5 Qb6 47. Rf5 Rxf5 48. gxf5 Qc5 49. Qf3 Qd4 50. Qh5+ Kg7 51. Qg6+ Kf8 52. Bf3
Nb6 53. Qe6 Qc3 54. Kf4 a5 55. Bh5 Qd4+ 56. Kg5 Qg1+ 57. Bg4 Qa1 58. f6 exf6+
59. Qxf6+ Qxf6+ 60. Kxf6 Nxd5+ 61. Ke6 1/2-1/2

[Event "Torneo de Benidorm sub 2300 2019"]
[Site "Benidorm ESP"]
[Date "2019.12.04"]
[Round "7.18"]
[White "Perez Aleman, Pedro Tomas"]
[Black "Moreno Carrascosa, Bartolome"]
[Result "1-0"]
[WhiteElo "1998"]
[BlackElo "2129"]
[PlyCount "83"]
[EventDate "2019.11.29"]
[EventType "swiss"]
[EventRounds "10"]
[EventCountry "ESP"]
[SourceTitle "Ajedrez en Madrid"]
[Source "lmi"]
[SourceDate "2019.11.30"]
[SourceVersion "1"]
[SourceVersionDate "2019.12.08"]
[SourceQuality "1"]

1. e4 g6 2. d4 Bg7 3. f4 c6 4. Nf3 d5 5. e5 Nh6 6. Bd3 c5 7. dxc5 Qa5+ 8. Nc3
O-O 9. Be3 Nc6 10. O-O Rd8 11. Nb5 Rf8 12. Qd2 Bg4 13. Nfd4 Qd8 14. Nxc6 bxc6
15. Nd4 Bd7 16. h3 e6 17. g4 f5 18. g5 Nf7 19. c4 Qe7 20. b4 Nd8 21. a4 Nb7 22.
a5 Rab8 23. a6 Nd8 24. Rfb1 h6 25. h4 Kf7 26. b5 Rh8 27. Kg2 hxg5 28. hxg5 dxc4
29. Bxc4 cxb5 30. Bxb5 Rc8 31. Nxf5 gxf5 32. Qxd7 Rc7 33. Qxe7+ Kxe7 34. Rh1
Rg8 35. Rad1 Nf7 36. Bc4 Rb8 37. Rh7 Rg8 38. Rd6 Nd8 39. g6 Rc8 40. Kf3 Rb8 41.
c6 Rc8 42. Rd7+ 1-0

[Event "Torneo de Benidorm sub 2300 2019"]
[Site "Benidorm ESP"]
[Date "2019.12.04"]
[Round "7.19"]
[White "Gromovs, Sergejs"]
[Black "Lezhepekova, Veronika"]
[Result "1-0"]
[WhiteElo "2128"]
[BlackElo "2001"]
[PlyCount "61"]
[EventDate "2019.11.29"]
[EventType "swiss"]
[EventRounds "10"]
[EventCountry "ESP"]
[SourceTitle "Ajedrez en Madrid"]
[Source "lmi"]
[SourceDate "2019.11.30"]
[SourceVersion "1"]
[SourceVersionDate "2019.12.08"]
[SourceQuality "1"]

1. d4 d5 2. Nf3 Nf6 3. c4 e6 4. Nc3 Be7 5. Bf4 a6 6. e3 O-O 7. Qc2 Nc6 8. a3
dxc4 9. Bxc4 Nd5 10. Bg3 Bf6 11. O-O Nxc3 12. Qxc3 Bd7 13. Rac1 Rc8 14. Be2 Qe8
15. Qb3 e5 16. dxe5 Nxe5 17. Nxe5 Bxe5 18. Bxe5 Qxe5 19. Qxb7 Bb5 20. Bxb5 axb5
21. Rc3 c6 22. g3 g6 23. Rd1 Qe4 24. b4 Rfd8 25. Rd7 Qe8 26. Rcd3 Rxd7 27. Rxd7
Ra8 28. Rxf7 Rxa3 29. Re7 Qf8 30. Rc7 Ra8 31. Qxc6 1-0

[Event "Torneo de Benidorm sub 2300 2019"]
[Site "Benidorm ESP"]
[Date "2019.12.05"]
[Round "8.1"]
[White "Garcia Trobat, Francisco"]
[Black "Cano Gimenez, Vicente"]
[Result "1/2-1/2"]
[WhiteElo "2244"]
[BlackElo "2256"]
[PlyCount "29"]
[EventDate "2019.11.29"]
[EventType "swiss"]
[EventRounds "10"]
[EventCountry "ESP"]
[SourceTitle "Ajedrez en Madrid"]
[Source "lmi"]
[SourceDate "2019.11.30"]
[SourceVersion "1"]
[SourceVersionDate "2019.12.08"]
[SourceQuality "1"]

1. d4 d5 2. c4 c6 3. e3 Nf6 4. Nc3 a6 5. Bd2 g6 6. Nf3 Bg7 7. h3 O-O 8. Rc1
Nbd7 9. Bd3 dxc4 10. Bxc4 c5 11. O-O b5 12. Be2 cxd4 13. Nxd4 Bb7 14. Bf3 Qb6
15. Bxb7 1/2-1/2

[Event "Torneo de Benidorm sub 2300 2019"]
[Site "Benidorm ESP"]
[Date "2019.12.05"]
[Round "8.2"]
[White "Scherer, Helmut"]
[Black "Gavarrete, Nahun"]
[Result "0-1"]
[WhiteElo "2278"]
[BlackElo "2300"]
[PlyCount "108"]
[EventDate "2019.11.29"]
[EventType "swiss"]
[EventRounds "10"]
[EventCountry "ESP"]
[SourceTitle "Ajedrez en Madrid"]
[Source "lmi"]
[SourceDate "2019.11.30"]
[SourceVersion "1"]
[SourceVersionDate "2019.12.08"]
[SourceQuality "1"]

1. e4 c5 2. Nf3 e6 3. Nc3 Nc6 4. d4 cxd4 5. Nxd4 Qc7 6. g3 a6 7. Bg2 Nf6 8. O-O
Be7 9. a4 O-O 10. Kh1 Rb8 11. f4 Nxd4 12. Qxd4 Bc5 13. Qd3 d6 14. Qe2 b6 15. g4
Bb7 16. Bd2 Rfe8 17. g5 Nd7 18. Rf3 g6 19. Qc4 Qd8 20. b4 d5 21. exd5 exd5 22.
Qb3 d4 23. Nd1 Bxf3 24. Bxf3 Bf8 25. Nf2 Bg7 26. Ng4 Re7 27. Rd1 Qc7 28. Rc1
Rc8 29. Bd5 Nf8 30. Qf3 Qd7 31. Nf6+ Bxf6 32. gxf6 Ree8 33. Bb7 Rc7 34. Bxa6
Qxa4 35. Bd3 Qa8 36. Qxa8 Rxa8 37. f5 Rd8 38. Rf1 Rc6 39. Kg2 Rdd6 40. Be4 Rxf6
41. Bxc6 Rxc6 42. fxg6 hxg6 43. Rc1 Ne6 44. Kf3 f5 45. Ke2 Kf7 46. Kd3 g5 47.
Ra1 Kf6 48. Ra6 Ke5 49. Ra8 Kd5 50. Rg8 Nf4+ 51. Bxf4 Rc3+ 52. Ke2 gxf4 53.
Rd8+ Kc4 54. Rc8+ Kxb4 0-1

[Event "Torneo de Benidorm sub 2300 2019"]
[Site "Benidorm ESP"]
[Date "2019.12.05"]
[Round "8.3"]
[White "Hristodorescu, Daniel"]
[Black "Levay, Sorin"]
[Result "1/2-1/2"]
[WhiteElo "2131"]
[BlackElo "2170"]
[PlyCount "22"]
[EventDate "2019.11.29"]
[EventType "swiss"]
[EventRounds "10"]
[EventCountry "ESP"]
[SourceTitle "Ajedrez en Madrid"]
[Source "lmi"]
[SourceDate "2019.11.30"]
[SourceVersion "1"]
[SourceVersionDate "2019.12.08"]
[SourceQuality "1"]

1. d4 e6 2. e4 d5 3. Nc3 dxe4 4. Nxe4 Bd7 5. Nf3 Bc6 6. Bd3 Nd7 7. O-O Ngf6 8.
Nxf6+ Qxf6 9. c3 Bxf3 10. Qxf3 Qxf3 11. gxf3 c6 1/2-1/2